000 00656nam a2200253Ia 4500
005 20260121161059.0
008 008 260114s9999 xx 000 0 eng d
020 _a9780203036716
037 _aEBOOK
040 _aCRL
040 _beng
040 _cCRL
041 _2eng
041 _aeng
084 _qCRL
100 _a Christopher E. Goscha
_91039963
245 0 _aThailand and the Southeast Asian Networks of The Vietnamese Revolution, 1885-1954
260 _bTaylor and Francis
260 _c1999
856 _uhttp://www.taylorfrancis.com/books/9780203036716
942 _cEBOOK
999 _c1606779
_d1606779